| 000 | 00587nam a2200217 a 4500 | ||
|---|---|---|---|
| 001 | 55858 | ||
| 003 | BD-RjUL | ||
| 005 | 20211209080325.0 | ||
| 008 | 161122s1967 enk||||| b||| 00| 0 eng d | ||
| 035 | _a(BD-RjUL)55982 | ||
| 040 |
_aBD-RjUL _beng _cBD-RjUL |
||
| 041 | _aeng | ||
| 082 |
_223 _a823.912 _bLAS 1967 |
||
| 100 |
_a Lawrence, D. H. _9166310 |
||
| 245 |
_aSons and lovers / _cD. H. Lawrence |
||
| 260 |
_aLondon : _bCollins, _c1967. |
||
| 300 |
_a416 p. ; _c17 cm. |
||
| 504 | _aIncludes bibliography | ||
| 650 |
_a Working class families _vFiction _9166313 |
||
| 942 |
_2ddc _cBK |
||
| 999 |
_c55858 _d55858 |
||